{"text_format":"1","workbook":"xlsx","n_sheets":1,"sheets":["Оптическая блокировка напольног"],"not_rendered":{"charts":0,"images":0,"macros":1,"external_links":0,"defined_names":0,"comments":0,"pivot_tables":0},"unopened":[],"bounds":{"document_bytes":16777216,"sheet_cells":100000,"rows_first":2000,"rows_last":500,"rows_between":2000,"halvings":0,"cell_chars":16384,"cell_head_chars":4096},"cells_cut":0,"cells_raw":0,"read":"whole","date_system":"1900"}

{"sheet":"Оптическая блокировка напольног","index":0,"n_rows":552,"n_cols":46,"rows_kept":552,"cut":false,"hidden":false,"merged":[[545,1,545,5],[545,9,545,10],[546,1,546,5],[546,9,546,10],[542,1,542,5],[542,9,542,10],[543,1,543,5],[543,9,543,10],[544,1,544,5],[544,9,544,10],[539,1,539,5],[539,9,539,10],[540,1,540,5],[540,9,540,10],[541,1,541,5],[541,9,541,10],[536,1,536,5],[536,9,536,10],[537,1,537,5],[537,9,537,10],[538,1,538,5],[538,9,538,10],[533,1,533,5],[533,9,533,10],[534,1,534,5],[534,9,534,10],[535,1,535,5],[535,9,535,10],[530,1,530,5],[530,9,530,10],[531,1,531,5],[531,9,531,10],[532,1,532,5],[532,9,532,10],[527,1,527,5],[527,9,527,10],[528,1,528,5],[528,9,528,10],[529,1,529,5],[529,9,529,10],[0,42,1,42],[0,43,1,43],[0,44,1,44],[0,45,2,45],[0,38,1,38],[0,39,2,39],[0,40,2,40],[0,41,1,41],[526,1,526,5],[526,9,526,10],[24,2,24,3],[24,7,24,8],[24,9,24,10],[25,7,25,8],[345,0,350,10],[500,0,505,10],[20,5,20,6],[20,14,20,16],[0,34,2,34],[0,35,2,35],[0,36,2,36],[0,37,2,37],[9,2,10,10],[22,2,22,3],[18,9,18,10],[21,9,22,10],[15,6,15,8],[521,2,521,3],[25,2,25,3],[25,9,25,10],[20,2,20,3],[21,2,21,3],[21,5,22,5],[21,6,22,6],[20,7,20,10],[2,0,2,2],[4,0,4,2],[6,0,6,2],[16,9,16,10],[4,8,4,10],[17,9,17,10],[14,6,14,8],[21,7,22,8],[21,17,22,17],[21,15,22,15],[21,16,22,16],[20,17,20,20],[20,11,22,11],[521,7,521,8],[521,9,521,10],[21,18,22,18],[21,19,22,19],[21,31,22,31],[21,32,22,32],[20,29,22,29],[20,30,22,30],[20,21,22,21],[21,12,22,12],[21,13,22,13],[21,14,22,14],[21,20,22,20],[20,12,20,13]]}
["Локальный ресурсный сметный расчет",null,null,null,null,null,null,null,null,null,null,null,null,null,null,null,null,null,null,null,null,null,null,null,null,null,null,null,null,null,null,null,null,null,"Номер раздела","Трудовые ресурсы всего:","Машины и механизмы  всего:","Материальные    ресурсы","Транспортные заготовительные расходы","Итого прямые затраты","Накладные расходы ","Плановые накопления","Зимнее удорожание","Непред. Затраты","НДС","Итого"]
["ресурс"]
["СОГЛАСОВАНО",null,null,null,null,null,null,null,null,"УТВЕРЖДАЮ"]
[]
[]
[]
["«____»__________________г.",null,null,null,null,null,null,null,null,"«____»__________________2008 г.",2014]
[]
[null,null,null,null,"ЛОКАЛЬНЫЙ СМЕТНЫЙ РАСЧЕТ № ","А156.966.00.",null,"от  ","06.02.2014"]
[null,null,"«Оптическая блокировка напольного конвейера 138-887»"]
[]
[]
[]
[]
[]
[]
[null,null,null,null,null,null,null,null,"Сметная стоимость:",191990]
[null,"     ",null,null,null,null,null,null,"Трудозатраты",244.22879999999998]
[null,"     ",null,null,null,null,null,null,"Заработная плата",35854]
["     "]
["№","Шифр, номера","Наименование",null,"Единица","Кол-во",null,"Сметная стоимость, руб.",null,null,null,"Кол-во","Затраты труда рабочих-строителей",null,"Эксплуатация машин",null,null,"Стоимость материалов",null,null,null,"Всего",null,null,null,null,null,null,null,"Накл. Расходы","Сметная прибыль"]
["п/п","нормативов и","работ и затрат",null,"измерен.","на единицу","по проекту","на единицу",null,"общая",null,null,"на единицу","всего","кол-во на еденицу","цена маш/ч","текущая цена","кол-во на еденицу","кол-во всего","стоимость за еденицу","всего"]
[null,"коды ресурсов"]
[]
[1,2,3,null,4,5,6,7,null,8,null,5,6,7,8,9,10,11,12,13,14,15,null,null,null,null,null,null,null,9,10]
[]
["        Оптическая блокировка напольного конвейера"]
["(Монтажные работы)"]
[]
[1,"ГЭСНм08-03-545-01","Коробка (ящик) с зажимами для кабелей ипроводов сечением до 6 мм2, устанавливаемая на конструкции на стене или колонне,количество зажимов до 10",null,"1 шт.",null,8,null,787.89125000000001,null,6303.13]
[null,null,"ТРУДОВЫЕ РЕСУРСЫ"]
[null,null,"Затраты труда рабочих (3,8 разр.)",null,"Чел-час",3.31,31.776,null,112.05,null,3560.5]
[null,null,"Итого зарплата",null,null,null,null,null,null,null,3560.5]
[null,null,"СТРОИТЕЛЬНЫЕ МАШИНЫ"]
[null,"040502","Установки для сварки ручной дуговой (постоянного тока) ( )",null,"маш.-ч",0.3,2.4,null,42.18,null,101.23]
[null,"330206","Дрели электрические ( )",null,"маш.-ч",4.8000000000000001E-2,0.38400000000000001,null,8.4499999999999993,null,3.24]
[null,null,"Итого строительных машин",null,null,null,null,null,null,null,104.47]
[null,null,"ВСПОМОГАТЕЛЬНЫЕ МАТЕРИАЛЫ"]
[null,"101-1665","Лак электроизоляционный 318",null,"кг",0.02,0.16,null,94.1,null,15.06]
[null,"101-1699","Патроны для пристрелки",null,"10 шт.",1.22,9.76,null,124.18,null,1212]
[null,"101-1924","Электроды диаметром 4 мм Э42А",null,"кг",7.0000000000000007E-2,0.56000000000000005,null,31.97,null,17.899999999999999]
[null,"101-1964","Шпагат бумажный",null,"кг",4.0000000000000001E-3,3.2000000000000001E-2,null,19.57,null,0.63]
[null,"101-1977","Болты с гайками и шайбами строительные",null,"кг",4.9000000000000002E-2,0.39200000000000002,null,39.950000000000003,null,15.66]
[null,"101-2143","Краска",null,"кг",0.03,0.24,null,73.02,null,17.52]
[null,"101-2365","Нитки швейные",null,"кг",2E-3,1.6E-2,null,720.36,null,11.53]
[null,"101-2493","Лента липкая изоляционная на поликасиновом компаунде марки ЛСЭПЛ, шириной 20-30 мм, толщиной от 0,14 до 0,19 мм",null,"кг",0.04,0.32,null,358.91,null,114.85]
[null,"101-3911","Дюбели для пристрелки стальные",null,"10 шт.",1.22,9.76,null,0,null,0]
[null,"101-3914","Дюбели распорные полипропиленовые",null,"100 шт.",1.4E-2,0.112,null,0,null,0]
[null,"111-0086","Бирки маркировочные",null,"100 шт.",3.1E-2,0.248,null,36.880000000000003,null,9.15]
[null,"111-0087","Бирки-оконцеватели",null,"100 шт.",0.2,1.6,null,72.62,null,116.19]
[null,"201-0843","Конструкции стальные индивидуальные решетчатые сварные массой до 0,1 т",null,"т",2E-3,1.6E-2,null,59658.36,null,954.53]
[null,"509-0090","Перемычки гибкие, тип ПГС-50",null,"шт.",1,8,null,14.44,null,115.52]
[null,"509-1210","Вазелин технический",null,"кг",0.02,0.16,null,235.13,null,37.619999999999997]
[null,null,"Итого вспомогательных материалов",null,null,null,null,null,null,null,2638.1600000000003]
[2,"ГЭСНм10-08-003-07","Устройство оптико-(фото)электрическое, комплект преобразователей (излучатель, фотоприемник)",null,"1 компл.",null,4,null,916.45249999999987,null,3665.8099999999995]
[null,null,"ТРУДОВЫЕ РЕСУРСЫ"]
[null,null,"Затраты труда рабочих (4 разр.)",null,"Чел-час",6.48,31.103999999999999,null,114.62,null,3565.14]
[null,null,"Итого зарплата",null,null,null,null,null,null,null,3565.14]
[null,null,"СТРОИТЕЛЬНЫЕ МАШИНЫ"]
[null,"330206","Дрели электрические ( )",null,"маш.-ч",0.42,1.68,null,8.4499999999999993,null,14.2]
[null,null,"Итого строительных машин",null,null,null,null,null,null,null,14.2]
[null,null,"ВСПОМОГАТЕЛЬНЫЕ МАТЕРИАЛЫ"]
[null,"101-1963","Канифоль сосновая",null,"кг",5.9999999999999995E-4,2.3999999999999998E-3,null,129.11000000000001,null,0.31]
[null,"101-2206","Дюбели пластмассовые с шурупами 12х70 мм",null,"10 шт.",0.8,3.2,null,24.58,null,78.66]
[null,"405-0219","Гипсовые вяжущие, марка Г3",null,"т",4.0000000000000003E-5,1.6000000000000001E-4,null,4016.64,null,0.64]
[null,"506-1361","Припои оловянно-свинцовые бессурьмянистые марки ПОС40",null,"кг",6.0000000000000001E-3,2.4E-2,null,285.75,null,6.86]
[null,null,"Итого вспомогательных материалов",null,null,null,null,null,null,null,86.47]
[3,"ГЭСНм08-03-538-05","Выключатель путевой или конечный бесконтактный, устанавливаемый на металлическомосновании",null,"1 шт.",null,8,null,213.02124999999998,null,1704.1699999999998]
[null,null,"ТРУДОВЫЕ РЕСУРСЫ"]
[null,null,"Затраты труда рабочих (3,8 разр.)",null,"Чел-час",1.23,11.808,null,112.05,null,1323.09]
[null,null,"Затраты труда машинистов",null,"Чел-час",0.01,9.6000000000000002E-2,null,140.84,null,"(13,52)"]
[null,null,"Итого зарплата",null,null,null,null,null,null,null,1323.09]
[null,null,"СТРОИТЕЛЬНЫЕ МАШИНЫ"]
[null,"021102","Краны на автомобильном ходу при работе на монтаже технологического оборудования 10 т ( )",null,"маш.-ч",1.2E-2,9.6000000000000002E-2,null,817.09,null,78.44]
[null,"040502","Установки для сварки ручной дуговой (постоянного тока) ( )",null,"маш.-ч",0.108,0.86399999999999999,null,42.18,null,36.44]
[null,"400002","Автомобили бортовые грузоподъемностью до 8 т ( )",null,"маш.-ч",1.2E-2,9.6000000000000002E-2,null,655.56,null,62.93]
[null,null,"Итого строительных машин",null,null,null,null,null,null,null,177.81]
[null,null,"ВСПОМОГАТЕЛЬНЫЕ МАТЕРИАЛЫ"]
[null,"101-1665","Лак электроизоляционный 318",null,"кг",3.0000000000000001E-3,2.4E-2,null,94.1,null,2.2599999999999998]
[null,"101-1924","Электроды диаметром 4 мм Э42А",null,"кг",0.01,0.08,null,31.97,null,2.56]
[null,"101-1964","Шпагат бумажный",null,"кг",1E-3,8.0000000000000002E-3,null,19.57,null,0.16]
[null,"101-1977","Болты с гайками и шайбами строительные",null,"кг",4.9000000000000002E-2,0.39200000000000002,null,39.950000000000003,null,15.66]
[null,"101-2143","Краска",null,"кг",0.03,0.24,null,73.02,null,17.52]
[null,"101-2365","Нитки швейные",null,"кг",1E-3,8.0000000000000002E-3,null,720.36,null,5.76]
[null,"101-2493","Лента липкая изоляционная на поликасиновом компаунде марки ЛСЭПЛ, шириной 20-30 мм, толщиной от 0,14 до 0,19 мм",null,"кг",6.0000000000000001E-3,4.8000000000000001E-2,null,358.91,null,17.23]
[null,"111-0086","Бирки маркировочные",null,"100 шт.",0.01,0.08,null,36.880000000000003,null,2.95]
[null,"111-0087","Бирки-оконцеватели",null,"100 шт.",3.1E-2,0.248,null,72.62,null,18.010000000000002]
[null,"509-0090","Перемычки гибкие, тип ПГС-50",null,"шт.",1,8,null,14.44,null,115.52]
[null,"509-1210","Вазелин технический",null,"кг",3.0000000000000001E-3,2.4E-2,null,235.13,null,5.64]
[null,null,"Итого вспомогательных материалов",null,null,null,null,null,null,null,203.26999999999998]
[4,"ГЭСНм08-02-397-01","Профиль перфорированный монтажный длиной2 м",null,"100 м",null,2.5000000000000001E-2,null,4055.6,null,101.39]
[null,null,"ТРУДОВЫЕ РЕСУРСЫ"]
[null,null,"Затраты труда рабочих (3,8 разр.)",null,"Чел-час",10.7,0.32100000000000001,null,112.05,null,35.97]
[null,null,"Затраты труда машинистов",null,"Чел-час",0.33,9.9000000000000008E-3,null,140.84,null,"(1,39)"]
[null,null,"Итого зарплата",null,null,null,null,null,null,null,35.97]
[null,null,"СТРОИТЕЛЬНЫЕ МАШИНЫ"]
[null,"021102","Краны на автомобильном ходу при работе на монтаже технологического оборудования 10 т ( )",null,"маш.-ч",0.39600000000000002,9.9000000000000008E-3,null,817.09,null,8.09]
[null,"040502","Установки для сварки ручной дуговой (постоянного тока) ( )",null,"маш.-ч",3.6120000000000001,9.0300000000000005E-2,null,42.18,null,3.81]
[null,"331451","Перфораторы электрические ( )",null,"маш.-ч",2.6519999999999997,6.6299999999999998E-2,null,7.96,null,0.53]
[null,"400002","Автомобили бортовые грузоподъемностью до 8 т ( )",null,"маш.-ч",0.39600000000000002,9.9000000000000008E-3,null,655.56,null,6.49]
[null,null,"Итого строительных машин",null,null,null,null,null,null,null,18.920000000000002]
[null,null,"ВСПОМОГАТЕЛЬНЫЕ МАТЕРИАЛЫ"]
[null,"101-1699","Патроны для пристрелки",null,"10 шт.",4.34,0.1085,null,124.18,null,13.47]
[null,"101-1924","Электроды диаметром 4 мм Э42А",null,"кг",2.1399999999999997,5.3499999999999999E-2,null,31.97,null,1.71]
[null,"101-1977","Болты с гайками и шайбами строительные",null,"кг",1.25,3.125E-2,null,39.950000000000003,null,1.25]
[null,"101-3911","Дюбели для пристрелки стальные",null,"10 шт.",4.34,0.1085,null,0,null,0]
[null,"101-3914","Дюбели распорные полипропиленовые",null,"100 шт.",0.3,7.4999999999999997E-3,null,0,null,0]
[null,"502-0639","Муфта",null,"шт.",5.9999999999999991,0.15,null,5.09,null,0.76]
[null,"509-0166","Серьга",null,"шт.",30,0.75,null,39.08,null,29.31]
[null,null,"Итого вспомогательных материалов",null,null,null,null,null,null,null,46.5]
[5,"ГЭСНм08-02-411-01","Рукав металлический наружным диаметром до 48 мм",null,"100 м",null,6.5000000000000002E-2,null,13420.307692307693,null,872.32]
[null,null,"ТРУДОВЫЕ РЕСУРСЫ"]
[null,null,"Затраты труда рабочих (3,8 разр.)",null,"Чел-час",34.700000000000003,2.7065999999999999,null,112.05,null,303.27]
[null,null,"Затраты труда машинистов",null,"Чел-час",0.22,1.7160000000000002E-2,null,140.84,null,"(2,42)"]
[null,null,"Итого зарплата",null,null,null,null,null,null,null,303.27]
[null,null,"СТРОИТЕЛЬНЫЕ МАШИНЫ"]
[null,"021102","Краны на автомобильном ходу при работе на монтаже технологического оборудования 10 т ( )",null,"маш.-ч",0.26400000000000001,1.7160000000000002E-2,null,817.09,null,14.02]
[null,"040502","Установки для сварки ручной дуговой (постоянного тока) ( )",null,"маш.-ч",21.48,1.3962000000000001,null,42.18,null,58.89]
[null,"331451","Перфораторы электрические ( )",null,"маш.-ч",5.3280000000000003,0.34632000000000002,null,7.96,null,2.76]
[null,"400002","Автомобили бортовые грузоподъемностью до 8 т ( )",null,"маш.-ч",0.26400000000000001,1.7160000000000002E-2,null,655.56,null,11.25]
[null,null,"Итого строительных машин",null,null,null,null,null,null,null,86.92]
[null,null,"ОСНОВНЫЕ МАТЕРИАЛЫ"]
[null,"509-9160","Муфты соединительные",null,"шт.",10,0.65,null,0,null,0]
[null,null,"Итого основных материалов",null,null,null,null,null,null,null,0]
[null,null,"ВСПОМОГАТЕЛЬНЫЕ МАТЕРИАЛЫ"]
[null,"101-0115","Винты с полукруглой головкой длиной 50 мм",null,"т",2.1846153846153847E-3,1.4200000000000001E-4,null,46937.94,null,6.67]
[null,"101-0813","Проволока стальная низкоуглеродистая разного назначения оцинкованная диаметром 3,0 мм",null,"т",2.9999999999999996E-3,1.95E-4,null,35496.71,null,6.92]
[null,"101-1699","Патроны для пристрелки",null,"10 шт.",21.8,1.417,null,124.18,null,175.96]
[null,"101-1755","Сталь полосовая, марка стали Ст3сп шириной 50-200 мм толщиной 4-5 мм",null,"т",5.1507692307692303E-2,3.3479999999999998E-3,null,28384.21,null,95.03]
[null,"101-1924","Электроды диаметром 4 мм Э42А",null,"кг",1.05,6.8250000000000005E-2,null,31.97,null,2.1800000000000002]
[null,"101-3911","Дюбели для пристрелки стальные",null,"10 шт.",21.8,1.417,null,0,null,0]
[null,"301-0041","Патрубки",null,"10 шт.",1,6.5000000000000002E-2,null,1071.4000000000001,null,69.64]
[null,"509-0090","Перемычки гибкие, тип ПГС-50",null,"шт.",5,0.32500000000000001,null,14.44,null,4.6900000000000004]
[null,"509-0104","Скобы двухлапковые",null,"10 шт.",25,1.625,null,74.03,null,120.3]
[null,"509-0783","Втулки изолирующие",null,"шт.",10,0.65,null,1.1399999999999999,null,0.74]
[null,null,"Итого вспомогательных материалов",null,null,null,null,null,null,null,482.13000000000005]
[6,"ГЭСНм08-02-407-01","Труба стальная по установленным конструкциям, по стенам с креплением скобами, диаметр до 25 мм",null,"100 м",null,0.45,null,6362.3555555555549,null,2863.06]
[null,null,"ТРУДОВЫЕ РЕСУРСЫ"]
[null,null,"Затраты труда рабочих (3,8 разр.)",null,"Чел-час",30.8,16.632000000000001,null,112.05,null,1863.62]
[null,null,"Затраты труда машинистов",null,"Чел-час",0.47,0.25380000000000003,null,140.84,null,"(35,75)"]
[null,null,"Итого зарплата",null,null,null,null,null,null,null,1863.62]
[null,null,"СТРОИТЕЛЬНЫЕ МАШИНЫ"]
[null,"021102","Краны на автомобильном ходу при работе на монтаже технологического оборудования 10 т ( )",null,"маш.-ч",0.56400000000000006,0.25380000000000003,null,817.09,null,207.38]
[null,"040502","Установки для сварки ручной дуговой (постоянного тока) ( )",null,"маш.-ч",7.7039999999999997,3.4668000000000001,null,42.18,null,146.22999999999999]
[null,"331451","Перфораторы электрические ( )",null,"маш.-ч",7.4160000000000004,3.3372000000000002,null,7.96,null,26.56]
[null,"400002","Автомобили бортовые грузоподъемностью до 8 т ( )",null,"маш.-ч",0.56400000000000006,0.25380000000000003,null,655.56,null,166.38]
[null,null,"Итого строительных машин",null,null,null,null,null,null,null,546.54999999999995]
[null,null,"ВСПОМОГАТЕЛЬНЫЕ МАТЕРИАЛЫ"]
[null,"101-0813","Проволока стальная низкоуглеродистая разного назначения оцинкованная диаметром 3,0 мм",null,"т",2.0999999999999999E-3,9.4499999999999998E-4,null,35496.71,null,33.54]
[null,"101-1924","Электроды диаметром 4 мм Э42А",null,"кг",1.0499999999999998,0.47249999999999998,null,31.97,null,15.11]
[null,"101-2143","Краска",null,"кг",0.67999999999999994,0.30599999999999999,null,73.02,null,22.34]
[null,"101-2488","Лента ФУМ",null,"кг",0.03,1.35E-2,null,1679.24,null,22.67]
[null,"101-3914","Дюбели распорные полипропиленовые",null,"100 шт.",0.82,0.36899999999999999,null,0,null,0]
[null,"110-0219","Гайки установочные заземляющие",null,"100 шт.",0.64999999999999991,0.29249999999999998,null,450.51,null,131.77000000000001]
[null,"509-0090","Перемычки гибкие, тип ПГС-50",null,"шт.",8,3.6,null,14.44,null,51.98]
[null,"509-0104","Скобы двухлапковые",null,"10 шт.",4.0999999999999996,1.845,null,74.03,null,136.59]
[null,"509-0809","Заглушки",null,"10 шт.",1.02,0.45900000000000002,null,84.72,null,38.89]
[null,null,"Итого вспомогательных материалов",null,null,null,null,null,null,null,452.89]
[7,"ГЭСНм08-02-412-01","Затягивание провода в проложенные трубыи металлические рукава первого одножильного или многожильного в общей оплетке, суммарное сечение до 2,5 мм2",null,"100 м",null,0.45,null,1103.1555555555553,null,496.41999999999996]
[null,null,"ТРУДОВЫЕ РЕСУРСЫ"]
[null,null,"Затраты труда рабочих (3,8 разр.)",null,"Чел-час",5.61,3.0293999999999999,null,112.05,null,339.44]
[null,null,"Затраты труда машинистов",null,"Чел-час",0.01,5.4000000000000003E-3,null,140.84,null,"(0,76)"]
[null,null,"Итого зарплата",null,null,null,null,null,null,null,339.44]
[null,null,"СТРОИТЕЛЬНЫЕ МАШИНЫ"]
[null,"021102","Краны на автомобильном ходу при работе на монтаже технологического оборудования 10 т ( )",null,"маш.-ч",1.2E-2,5.4000000000000003E-3,null,817.09,null,4.41]
[null,"400002","Автомобили бортовые грузоподъемностью до 8 т ( )",null,"маш.-ч",1.2E-2,5.4000000000000003E-3,null,655.56,null,3.54]
[null,null,"Итого строительных машин",null,null,null,null,null,null,null,7.95]
[null,null,"ВСПОМОГАТЕЛЬНЫЕ МАТЕРИАЛЫ"]
[null,"101-1764","Тальк молотый, сорт I",null,"т",4.3111111111111112E-4,1.94E-4,null,10034,null,1.95]
[null,"101-2143","Краска",null,"кг",1.9999999999999997E-2,8.9999999999999993E-3,null,73.02,null,0.66]
[null,"101-2493","Лента липкая изоляционная на поликасиновом компаунде марки ЛСЭПЛ, шириной 20-30 мм, толщиной от 0,14 до 0,19 мм",null,"кг",0.15999999999999998,7.1999999999999995E-2,null,358.91,null,25.84]
[null,"111-0086","Бирки маркировочные",null,"100 шт.",1.9999999999999997E-2,8.9999999999999993E-3,null,36.880000000000003,null,0.33]
[null,"509-0033","Сжимы ответвительные",null,"100 шт.",0.31,0.13950000000000001,null,719.51,null,100.37]
[null,"509-0044","Колпачки изолирующие",null,"10 шт.",0.79999999999999993,0.36,null,36.340000000000003,null,13.08]
[null,"509-1650","Гильза кабельная медная ГМ 2,5",null,"шт.",5,2.25,null,2.17,null,4.88]
[null,"509-1710","Втулки В17",null,"1000 шт.",1.2199999999999999E-2,5.4900000000000001E-3,null,349.08,null,1.92]
[null,null,"Итого вспомогательных материалов",null,null,null,null,null,null,null,149.03]
[8,"ГЭСНм08-02-412-09","Затягивание провода в проложенные трубыи металлические рукава каждого последующего одножильного или многожильного в общей оплетке, суммарное сечение до 6 мм2",null,"100 м",null,1.85,null,620.44324324324305,null,1147.8199999999997]
[null,null,"ТРУДОВЫЕ РЕСУРСЫ"]
[null,null,"Затраты труда рабочих (3,8 разр.)",null,"Чел-час",2.29,5.0838000000000001,null,112.05,null,569.64]
[null,null,"Затраты труда машинистов",null,"Чел-час",0.01,2.2200000000000001E-2,null,140.84,null,"(3,13)"]
[null,null,"Итого зарплата",null,null,null,null,null,null,null,569.64]
[null,null,"СТРОИТЕЛЬНЫЕ МАШИНЫ"]
[null,"021102","Краны на автомобильном ходу при работе на монтаже технологического оборудования 10 т ( )",null,"маш.-ч",1.2E-2,2.2200000000000001E-2,null,817.09,null,18.14]
[null,"400002","Автомобили бортовые грузоподъемностью до 8 т ( )",null,"маш.-ч",1.2E-2,2.2200000000000001E-2,null,655.56,null,14.55]
[null,null,"Итого строительных машин",null,null,null,null,null,null,null,32.69]
[null,null,"ВСПОМОГАТЕЛЬНЫЕ МАТЕРИАЛЫ"]
[null,"101-1764","Тальк молотый, сорт I",null,"т",6.0000000000000006E-4,1.1100000000000001E-3,null,10034,null,11.14]
[null,"101-2143","Краска",null,"кг",1.9999999999999997E-2,3.6999999999999998E-2,null,73.02,null,2.7]
[null,"101-2493","Лента липкая изоляционная на поликасиновом компаунде марки ЛСЭПЛ, шириной 20-30 мм, толщиной от 0,14 до 0,19 мм",null,"кг",0.15999999999999998,0.29599999999999999,null,358.91,null,106.24]
[null,"111-0086","Бирки маркировочные",null,"100 шт.",1.9999999999999997E-2,3.6999999999999998E-2,null,36.880000000000003,null,1.36]
[null,"509-0033","Сжимы ответвительные",null,"100 шт.",0.31,0.57350000000000001,null,719.51,null,412.64]
[null,"509-0778","Втулки В22",null,"1000 шт.",1.2199999999999999E-2,2.257E-2,null,505.72,null,11.41]
[null,null,"Итого вспомогательных материалов",null,null,null,null,null,null,null,545.4899999999999]
[9,"ГЭСНм08-03-572-03","Блок управления шкафного исполнения илираспределительный пункт (шкаф), устанавливаемый на стене, высота и ширина до 600х600 мм (ЩМП-2-0 74У2)",null,"1 шт.",null,1,null,1453.25,null,1453.25]
[null,null,"ТРУДОВЫЕ РЕСУРСЫ"]
[null,null,"Затраты труда рабочих (4,2 разр.)",null,"Чел-час",2.3199999999999998,2.7839999999999998,null,118.14,null,328.9]
[null,null,"Затраты труда машинистов",null,"Чел-час",0.1,0.12,null,140.84,null,"(16,90)"]
[null,null,"Итого зарплата",null,null,null,null,null,null,null,328.9]
[null,null,"СТРОИТЕЛЬНЫЕ МАШИНЫ"]
[null,"021102","Краны на автомобильном ходу при работе на монтаже технологического оборудования 10 т ( )",null,"маш.-ч",0.12,0.12,null,817.09,null,98.05]
[null,"040502","Установки для сварки ручной дуговой (постоянного тока) ( )",null,"маш.-ч",0.92400000000000004,0.92400000000000004,null,42.18,null,38.97]
[null,"400002","Автомобили бортовые грузоподъемностью до 8 т ( )",null,"маш.-ч",0.12,0.12,null,655.56,null,78.67]
[null,null,"Итого строительных машин",null,null,null,null,null,null,null,215.69]
[null,null,"ВСПОМОГАТЕЛЬНЫЕ МАТЕРИАЛЫ"]
[null,"101-1924","Электроды диаметром 4 мм Э42А",null,"кг",0.15,0.15,null,31.97,null,4.8]
[null,"101-1977","Болты с гайками и шайбами строительные",null,"кг",0.17,0.17,null,39.950000000000003,null,6.79]
[null,"101-2143","Краска",null,"кг",0.03,0.03,null,73.02,null,2.19]
[null,"201-0843","Конструкции стальные индивидуальные решетчатые сварные массой до 0,1 т",null,"т",1.4999999999999999E-2,1.4999999999999999E-2,null,59658.36,null,894.88]
[null,null,"Итого вспомогательных материалов",null,null,null,null,null,null,null,908.66]
[10,"ГЭСНм08-03-526-01","Автомат одно-, двух-, трехполюсный, устанавливаемый на конструкции на стене иликолонне, на ток до 25 А",null,"1 шт.",null,1,null,633.63,null,633.63]
[null,null,"ТРУДОВЫЕ РЕСУРСЫ"]
[null,null,"Затраты труда рабочих (3,9 разр.)",null,"Чел-час",1.56,1.8720000000000001,null,113.34,null,212.17]
[null,null,"Итого зарплата",null,null,null,null,null,null,null,212.17]
[null,null,"СТРОИТЕЛЬНЫЕ МАШИНЫ"]
[null,"040502","Установки для сварки ручной дуговой (постоянного тока) ( )",null,"маш.-ч",0.156,0.156,null,42.18,null,6.58]
[null,"330206","Дрели электрические ( )",null,"маш.-ч",4.8000000000000001E-2,4.8000000000000001E-2,null,8.4499999999999993,null,0.41]
[null,null,"Итого строительных машин",null,null,null,null,null,null,null,6.99]
[null,null,"ВСПОМОГАТЕЛЬНЫЕ МАТЕРИАЛЫ"]
[null,"101-1665","Лак электроизоляционный 318",null,"кг",6.0000000000000001E-3,6.0000000000000001E-3,null,94.1,null,0.56000000000000005]
[null,"101-1699","Патроны для пристрелки",null,"10 шт.",1.22,1.22,null,124.18,null,151.5]
[null,"101-1924","Электроды диаметром 4 мм Э42А",null,"кг",7.0000000000000007E-2,7.0000000000000007E-2,null,31.97,null,2.2400000000000002]
[null,"101-1964","Шпагат бумажный",null,"кг",1E-3,1E-3,null,19.57,null,0.02]
[null,"101-1977","Болты с гайками и шайбами строительные",null,"кг",4.9000000000000002E-2,4.9000000000000002E-2,null,39.950000000000003,null,1.96]
[null,"101-2143","Краска",null,"кг",3.5999999999999997E-2,3.5999999999999997E-2,null,73.02,null,2.63]
[null,"101-2365","Нитки швейные",null,"кг",1E-3,1E-3,null,720.36,null,0.72]
[null,"101-2493","Лента липкая изоляционная на поликасиновом компаунде марки ЛСЭПЛ, шириной 20-30 мм, толщиной от 0,14 до 0,19 мм",null,"кг",1.2E-2,1.2E-2,null,358.91,null,4.3099999999999996]
[null,"101-3911","Дюбели для пристрелки стальные",null,"10 шт.",1.22,1.22,null,0,null,0]
[null,"101-3914","Дюбели распорные полипропиленовые",null,"100 шт.",1.4E-2,1.4E-2,null,0,null,0]
[null,"111-0086","Бирки маркировочные",null,"100 шт.",0.02,0.02,null,36.880000000000003,null,0.74]
[null,"201-0843","Конструкции стальные индивидуальные решетчатые сварные массой до 0,1 т",null,"т",1E-3,1E-3,null,59658.36,null,59.66]
[null,"509-0038","Наконечники кабельные для электротехнических установок",null,"шт.",6.1,6.1,null,28.57,null,174.28]
[null,"509-0090","Перемычки гибкие, тип ПГС-50",null,"шт.",1,1,null,14.44,null,14.44]
[null,"509-1210","Вазелин технический",null,"кг",6.0000000000000001E-3,6.0000000000000001E-3,null,235.13,null,1.41]
[null,null,"Итого вспомогательных материалов",null,null,null,null,null,null,null,414.47]
[11,"ГЭСНм10-01-039-06","Реле промежуточное РП21-003УХЛ4А",null,"1 шт.",null,1,null,243.84,null,243.84]
[null,null,"ТРУДОВЫЕ РЕСУРСЫ"]
[null,null,"Затраты труда рабочих (3 разр.)",null,"Чел-час",2,2.4,null,101.6,null,243.84]
[null,null,"Итого зарплата",null,null,null,null,null,null,null,243.84]
[12,"ГЭСНм10-01-039-06","Диод КД105Б",null,"1 шт.",null,1,null,243.84,null,243.84]
[null,null,"ТРУДОВЫЕ РЕСУРСЫ"]
[null,null,"Затраты труда рабочих (3 разр.)",null,"Чел-час",2,2.4,null,101.6,null,243.84]
[null,null,"Итого зарплата",null,null,null,null,null,null,null,243.84]
[13,"ГЭСНм10-08-003-03","Устройство ультразвуковое, блок питанияи контроля (источник питания LOGO)",null,"1 шт.",null,1,null,539.08000000000004,null,539.08000000000004]
[null,null,"ТРУДОВЫЕ РЕСУРСЫ"]
[null,null,"Затраты труда рабочих (4,4 разр.)",null,"Чел-час",3.6,4.32,null,121.65,null,525.53]
[null,null,"Итого зарплата",null,null,null,null,null,null,null,525.53]
[null,null,"СТРОИТЕЛЬНЫЕ МАШИНЫ"]
[null,"330206","Дрели электрические ( )",null,"маш.-ч",0.156,0.156,null,8.4499999999999993,null,1.32]
[null,null,"Итого строительных машин",null,null,null,null,null,null,null,1.32]
[null,null,"ВСПОМОГАТЕЛЬНЫЕ МАТЕРИАЛЫ"]
[null,"101-1963","Канифоль сосновая",null,"кг",1.6000000000000001E-3,1.6000000000000001E-3,null,129.11000000000001,null,0.21]
[null,"101-2206","Дюбели пластмассовые с шурупами 12х70 мм",null,"10 шт.",0.3,0.3,null,24.58,null,7.37]
[null,"405-0219","Гипсовые вяжущие, марка Г3",null,"т",2.0000000000000002E-5,2.0000000000000002E-5,null,4016.64,null,0.08]
[null,"506-1361","Припои оловянно-свинцовые бессурьмянистые марки ПОС40",null,"кг",1.6E-2,1.6E-2,null,285.75,null,4.57]
[null,null,"Итого вспомогательных материалов",null,null,null,null,null,null,null,12.23]
[14,"прим.ГЭСНм10-01-001-10","Плата разного назначения с подготовкой места установки (логический модуль, модуль памяти)",null,"1 шт.",null,2,null,942.65,null,1885.3]
[null,null,"ТРУДОВЫЕ РЕСУРСЫ"]
[null,null,"Затраты труда рабочих (4 разр.)",null,"Чел-час",5.67,13.608000000000001,null,114.62,null,1559.75]
[null,null,"Затраты труда машинистов",null,"Чел-час",0.22,0.52800000000000002,null,140.84,null,"(74,36)"]
[null,null,"Итого зарплата",null,null,null,null,null,null,null,1559.75]
[null,null,"СТРОИТЕЛЬНЫЕ МАШИНЫ"]
[null,"030101","Автопогрузчики 5 т ( )",null,"маш.-ч",0.26400000000000001,0.52800000000000002,null,577.16,null,304.74]
[null,null,"Итого строительных машин",null,null,null,null,null,null,null,304.74]
[null,null,"ВСПОМОГАТЕЛЬНЫЕ МАТЕРИАЛЫ"]
[null,"101-0424","Краски масляные и алкидные, готовые к применению белила цинковые МА-15",null,"т",6.9999999999999994E-5,1.3999999999999999E-4,null,58621.74,null,8.2100000000000009]
[null,"101-1482","Шурупы с полукруглой головкой 5х70 мм",null,"т",1E-4,2.0000000000000001E-4,null,42889.01,null,8.58]
[null,"405-0219","Гипсовые вяжущие, марка Г3",null,"т",5.0000000000000001E-4,1E-3,null,4016.64,null,4.0199999999999996]
[null,null,"Итого вспомогательных материалов",null,null,null,null,null,null,null,20.81]
[15,"ГЭСНм08-01-081-01","Аппарат (кнопка, ключ управления, замокэлектромагнитной блокировки, звуковой сигнал, сигнальная лампа) управления и сигнализации, количество подключаемых концов до 2",null,"1 шт.",null,1,null,233.63,null,233.63]
[null,null,"ТРУДОВЫЕ РЕСУРСЫ"]
[null,null,"Затраты труда рабочих (4 разр.)",null,"Чел-час",1.1299999999999999,1.3560000000000001,null,114.62,null,155.41999999999999]
[null,null,"Затраты труда машинистов",null,"Чел-час",0.04,4.8000000000000001E-2,null,140.84,null,"(6,76)"]
[null,null,"Итого зарплата",null,null,null,null,null,null,null,155.41999999999999]
[null,null,"СТРОИТЕЛЬНЫЕ МАШИНЫ"]
[null,"021102","Краны на автомобильном ходу при работе на монтаже технологического оборудования 10 т ( )",null,"маш.-ч",4.8000000000000001E-2,4.8000000000000001E-2,null,817.09,null,39.22]
[null,"400002","Автомобили бортовые грузоподъемностью до 8 т ( )",null,"маш.-ч",4.8000000000000001E-2,4.8000000000000001E-2,null,655.56,null,31.47]
[null,null,"Итого строительных машин",null,null,null,null,null,null,null,70.69]
[null,null,"ВСПОМОГАТЕЛЬНЫЕ МАТЕРИАЛЫ"]
[null,"101-1977","Болты с гайками и шайбами строительные",null,"кг",0.06,0.06,null,39.950000000000003,null,2.4]
[null,"509-0156","Оконцеватели маркировочные",null,"100 шт.",0.02,0.02,null,255.82,null,5.12]
[null,null,"Итого вспомогательных материалов",null,null,null,null,null,null,null,7.52]
[16,"ГЭСНм08-01-082-01","Зажим наборный без кожуха",null,"100 шт.",null,0.02,null,8859,null,177.18]
[null,null,"ТРУДОВЫЕ РЕСУРСЫ"]
[null,null,"Затраты труда рабочих (4 разр.)",null,"Чел-час",47,1.1279999999999999,null,114.62,null,129.29]
[null,null,"Затраты труда машинистов",null,"Чел-час",0.11,2.64E-3,null,140.84,null,"(0,37)"]
[null,null,"Итого зарплата",null,null,null,null,null,null,null,129.29]
[null,null,"СТРОИТЕЛЬНЫЕ МАШИНЫ"]
[null,"021102","Краны на автомобильном ходу при работе на монтаже технологического оборудования 10 т ( )",null,"маш.-ч",0.13200000000000001,2.64E-3,null,817.09,null,2.16]
[null,"040502","Установки для сварки ручной дуговой (постоянного тока) ( )",null,"маш.-ч",0.22799999999999998,4.5599999999999998E-3,null,42.18,null,0.19]
[null,"400002","Автомобили бортовые грузоподъемностью до 8 т ( )",null,"маш.-ч",0.13200000000000001,2.64E-3,null,655.56,null,1.73]
[null,null,"Итого строительных машин",null,null,null,null,null,null,null,4.08]
[null,null,"ВСПОМОГАТЕЛЬНЫЕ МАТЕРИАЛЫ"]
[null,"101-1755","Сталь полосовая, марка стали Ст3сп шириной 50-200 мм толщиной 4-5 мм",null,"т",3.0000000000000001E-3,6.0000000000000002E-5,null,28384.21,null,1.7]
[null,"101-2143","Краска",null,"кг",0.8,1.6E-2,null,73.02,null,1.17]
[null,"509-0100","Зажимы наборные",null,"шт.",102,2.04,null,14.95,null,30.5]
[null,"509-0156","Оконцеватели маркировочные",null,"100 шт.",2.04,4.0800000000000003E-2,null,255.82,null,10.44]
[null,null,"Итого вспомогательных материалов",null,null,null,null,null,null,null,43.809999999999995]
[17,"ГЭСНм08-01-081-01","Кнопка КУ110111-11УЗ",null,"1 шт.",null,1,null,233.63,null,233.63]
[null,null,"ТРУДОВЫЕ РЕСУРСЫ"]
[null,null,"Затраты труда рабочих (4 разр.)",null,"Чел-час",1.1299999999999999,1.3560000000000001,null,114.62,null,155.41999999999999]
[null,null,"Затраты труда машинистов",null,"Чел-час",0.04,4.8000000000000001E-2,null,140.84,null,"(6,76)"]
[null,null,"Итого зарплата",null,null,null,null,null,null,null,155.41999999999999]
[null,null,"СТРОИТЕЛЬНЫЕ МАШИНЫ"]
[null,"021102","Краны на автомобильном ходу при работе на монтаже технологического оборудования 10 т ( )",null,"маш.-ч",4.8000000000000001E-2,4.8000000000000001E-2,null,817.09,null,39.22]
[null,"400002","Автомобили бортовые грузоподъемностью до 8 т ( )",null,"маш.-ч",4.8000000000000001E-2,4.8000000000000001E-2,null,655.56,null,31.47]
[null,null,"Итого строительных машин",null,null,null,null,null,null,null,70.69]
[null,null,"ВСПОМОГАТЕЛЬНЫЕ МАТЕРИАЛЫ"]
[null,"101-1977","Болты с гайками и шайбами строительные",null,"кг",0.06,0.06,null,39.950000000000003,null,2.4]
[null,"509-0156","Оконцеватели маркировочные",null,"100 шт.",0.02,0.02,null,255.82,null,5.12]
[null,null,"Итого вспомогательных материалов",null,null,null,null,null,null,null,7.52]
[18,"примГЭСНм08-01-081-01","Арматура светодиодная",null,"1 шт.",null,3,null,233.62333333333331,null,700.86999999999989]
[null,null,"ТРУДОВЫЕ РЕСУРСЫ"]
[null,null,"Затраты труда рабочих (4 разр.)",null,"Чел-час",1.1299999999999999,4.0679999999999996,null,114.62,null,466.27]
[null,null,"Затраты труда машинистов",null,"Чел-час",0.04,0.14399999999999999,null,140.84,null,"(20,28)"]
[null,null,"Итого зарплата",null,null,null,null,null,null,null,466.27]
[null,null,"СТРОИТЕЛЬНЫЕ МАШИНЫ"]
[null,"021102","Краны на автомобильном ходу при работе на монтаже технологического оборудования 10 т ( )",null,"маш.-ч",4.7999999999999994E-2,0.14399999999999999,null,817.09,null,117.66]
[null,"400002","Автомобили бортовые грузоподъемностью до 8 т ( )",null,"маш.-ч",4.7999999999999994E-2,0.14399999999999999,null,655.56,null,94.4]
[null,null,"Итого строительных машин",null,null,null,null,null,null,null,212.06]
[null,null,"ВСПОМОГАТЕЛЬНЫЕ МАТЕРИАЛЫ"]
[null,"101-1977","Болты с гайками и шайбами строительные",null,"кг",0.06,0.18,null,39.950000000000003,null,7.19]
[null,"509-0156","Оконцеватели маркировочные",null,"100 шт.",0.02,0.06,null,255.82,null,15.35]
[null,null,"Итого вспомогательных материалов",null,null,null,null,null,null,null,22.54]
[19,"ГЭСНм11-06-002-02","Электрические проводки в щитах и пультахмалогабаритных (ПВ3х0,5)",null,"100 м",null,0.3,null,1981.866666666667,null,594.56000000000006]
[null,null,"ТРУДОВЫЕ РЕСУРСЫ"]
[null,null,"Затраты труда рабочих (5 разр.)",null,"Чел-час",12.4,4.4640000000000004,null,132.1,null,589.69000000000005]
[null,null,"Итого зарплата",null,null,null,null,null,null,null,589.69000000000005]
[null,null,"ВСПОМОГАТЕЛЬНЫЕ МАТЕРИАЛЫ"]
[null,"101-1703","Прокладки резиновые (пластина техническая прессованная)",null,"кг",0.1,0.03,null,127.25,null,3.82]
[null,"111-0109","Бирки маркировочные пластмассовые",null,"100 шт.",0.15,4.4999999999999998E-2,null,23.23,null,1.05]
[null,null,"Итого вспомогательных материалов",null,null,null,null,null,null,null,4.87]
[20,"ГЭСНм11-08-001-01","Присоединение к приборам электрических проводок под винт с оконцеванием наконечником",null,"100 концов жил",null,0.7,null,1702.2428571428572,null,1191.57]
[null,null,"ТРУДОВЫЕ РЕСУРСЫ"]
[null,null,"Затраты труда рабочих (4,3 разр.)",null,"Чел-час",11.3,9.4920000000000009,null,119.85,null,1137.6199999999999]
[null,null,"Итого зарплата",null,null,null,null,null,null,null,1137.6199999999999]
[null,null,"ВСПОМОГАТЕЛЬНЫЕ МАТЕРИАЛЫ"]
[null,"101-1963","Канифоль сосновая",null,"кг",1.9E-2,1.3299999999999999E-2,null,129.11000000000001,null,1.72]
[null,"101-2354","Спирт этиловый ректификованный технический, сорт I",null,"кг",2.9000000000000001E-2,2.0299999999999999E-2,null,209.96,null,4.26]
[null,"111-0109","Бирки маркировочные пластмассовые",null,"100 шт.",1,0.7,null,23.23,null,16.260000000000002]
[null,"113-0037","Дихлорэтан технический, сорт I",null,"т",2.0000000000000002E-5,1.4E-5,null,27403.67,null,0.38]
[null,"506-1360","Припои оловянно-свинцовые бессурьмянистые марки ПОС61",null,"кг",7.7000000000000013E-2,5.3900000000000003E-2,null,493.53,null,26.6]
[null,"507-0701","Трубка полихлорвиниловая",null,"кг",0.04,2.8000000000000001E-2,null,168.75,null,4.7300000000000004]
[null,null,"Итого вспомогательных материалов",null,null,null,null,null,null,null,53.95]
[]
["Начисления на раздел:\n\nМДС 81-35.2004 Пр.1 т.2 пп.  1   Производство монтажных работ в существующих зданиях и сооружениях, освобожденных от оборудования и других предметов, мешающих нормальному производству работ.\nk=1,2 на зарплату\nk=1,2 на эксплуатацию машин\nk=1,2 на трудозатраты\n"]
[]
[]
[]
[]
[]
[]
[null,null,"ИТОГО ПО РАЗДЕЛУ",null,null,null,null,null,null,null,25284.449999999997]
[null,null,"в том числе ФОТ",null,null,null,null,null,null,null,17490.809999999998]
[null,null,"    (зарплата основная)",null,null,null,null,null,null,null,17308.409999999996]
[null,null,"    (зарплата механизаторов)",null,null,null,null,null,null,null,182.4]
[null,null,"Эксплуатация машин",null,null,null,null,null,null,null,1875.77]
[null,null,"Материалы",null,null,null,null,null,null,null,6100.2700000000013]
[]
[]
["        Материалы не учтенные в расценках в текущих ценах"]
["(Прочие затраты)"]
[]
[1,"т.цена","Коробка клеммная У614АУ2(10 клемм)",null,"шт",null,2,null,728.82,null,1457.64]
[null,null,"ОСНОВНЫЕ МАТЕРИАЛЫ"]
[null,"т.цена","Коробка клеммная У614АУ2(10 клемм)",null,"шт",1,2,null,728.82,null,1457.64]
[null,null,"Итого основных материалов",null,null,null,null,null,null,null,1457.64]
[2,"т.цена","Коробка протяжная У994У2",null,"шт",null,2,null,54.23,null,108.46]
[null,null,"ОСНОВНЫЕ МАТЕРИАЛЫ"]
[null,"т.цена","Коробка протяжная У994У2",null,"шт",1,2,null,54.23,null,108.46]
[null,null,"Итого основных материалов",null,null,null,null,null,null,null,108.46]
[3,"т.цена","Приемник ВБО-М18 - 76Р-9111-С",null,"шт",null,4,null,1102.3699999999999,null,4409.4799999999996]
[null,null,"ОСНОВНЫЕ МАТЕРИАЛЫ"]
[null,"т.цена","Приемник ВБО-М18 - 76Р-9111-С",null,"шт",1,4,null,1102.3699999999999,null,4409.4799999999996]
[null,null,"Итого основных материалов",null,null,null,null,null,null,null,4409.4799999999996]
[4,"т.цена","Излучатель ВБО-М18-76Р-9100-Н",null,"шт",null,4,null,780,null,3120]
[null,null,"ОСНОВНЫЕ МАТЕРИАЛЫ"]
[null,"т.цена","Излучатель ВБО-М18-76Р-9100-Н",null,"шт",1,4,null,780,null,3120]
[null,null,"Итого основных материалов",null,null,null,null,null,null,null,3120]
[5,"т.цена","ПВ-РКУ-1-3(угловой) L=7м",null,"шт",null,8,null,419.49,null,3355.92]
[null,null,"ОСНОВНЫЕ МАТЕРИАЛЫ"]
[null,"т.цена","ПВ-РКУ-1-3(угловой) L=7м",null,"шт",1,8,null,419.49,null,3355.92]
[null,null,"Итого основных материалов",null,null,null,null,null,null,null,3355.92]
[6,"т.цена","Кабель для подключения логических модулей LOGO к компьютеру",null,"шт",null,1,null,360.15,null,360.15]
[null,null,"ОСНОВНЫЕ МАТЕРИАЛЫ"]
[null,"т.цена","Кабель для подключения логических модулей LOGO к компьютеру",null,"шт",1,1,null,360.15,null,360.15]
[null,null,"Итого основных материалов",null,null,null,null,null,null,null,360.15]
[7,"т.цена","Муфта ТР-2У2",null,"шт",null,16,null,27.5,null,440]
[null,null,"ОСНОВНЫЕ МАТЕРИАЛЫ"]
[null,"т.цена","Муфта ТР-2У2",null,"шт",1,16,null,27.5,null,440]
[null,null,"Итого основных материалов",null,null,null,null,null,null,null,440]
[8,"т.цена","Муфта трубная МТ 22У2",null,"шт",null,20,null,102.54,null,2050.8000000000002]
[null,null,"ОСНОВНЫЕ МАТЕРИАЛЫ"]
[null,"т.цена","Муфта трубная МТ 22У2",null,"шт",1,20,null,102.54,null,2050.8000000000002]
[null,null,"Итого основных материалов",null,null,null,null,null,null,null,2050.8000000000002]
[9,"т.цена","Вводной патрубок У476У3",null,"шт",null,10,null,82.539999999999992,null,825.4]
[null,null,"ОСНОВНЫЕ МАТЕРИАЛЫ"]
[null,"т.цена","Вводной патрубок У476У3",null,"шт",1,10,null,82.54,null,825.4]
[null,null,"Итого основных материалов",null,null,null,null,null,null,null,825.4]
[10,"т.цена","Сальник привертной У262У2",null,"шт",null,16,null,97.49,null,1559.84]
[null,null,"ОСНОВНЫЕ МАТЕРИАЛЫ"]
[null,"т.цена","Сальник привертной У262У2",null,"шт",1,16,null,97.49,null,1559.84]
[null,null,"Итого основных материалов",null,null,null,null,null,null,null,1559.84]
[11,"т.цена","Хомутик  С437У2",null,"шт",null,31,null,37,null,1147]
[null,null,"ОСНОВНЫЕ МАТЕРИАЛЫ"]
[null,"т.цена","Хомутик  С437У2",null,"шт",1,31,null,37,null,1147]
[null,null,"Итого основных материалов",null,null,null,null,null,null,null,1147]
[12,"т.цена","Профиль зетовый К241У3",null,"м",null,2.5,null,422.88,null,1057.2]
[null,null,"ОСНОВНЫЕ МАТЕРИАЛЫ"]
[null,"т.цена","Профиль зетовый К241У3",null,"м",1,2.5,null,422.88,null,1057.2]
[null,null,"Итого основных материалов",null,null,null,null,null,null,null,1057.2]
[13,"т.цена","Металлорукав Р3-Ц-Х-10",null,"м",null,4,null,10.23,null,40.92]
[null,null,"ОСНОВНЫЕ МАТЕРИАЛЫ"]
[null,"т.цена","Металлорукав Р3-Ц-Х-10",null,"м",1,4,null,10.23,null,40.92]
[null,null,"Итого основных материалов",null,null,null,null,null,null,null,40.92]
[14,"т.цена","Металлорукав Р3-Ц-Х-20",null,"м",null,2.5,null,14.24,null,35.6]
[null,null,"ОСНОВНЫЕ МАТЕРИАЛЫ"]
[null,"т.цена","Металлорукав Р3-Ц-Х-20",null,"м",1,2.5,null,14.24,null,35.6]
[null,null,"Итого основных материалов",null,null,null,null,null,null,null,35.6]
[15,"т.цена","Труба 20х1,6 ГОСТ 10704-76",null,"м",null,12,null,25.42,null,305.04000000000002]
[null,null,"ОСНОВНЫЕ МАТЕРИАЛЫ"]
[null,"т.цена","Труба 20х1,6 ГОСТ 10704-76",null,"м",1,12,null,25.42,null,305.04000000000002]
[null,null,"Итого основных материалов",null,null,null,null,null,null,null,305.04000000000002]
[16,"т.цена","Труба 25х1,6 ГОСТ 10704-76",null,"м",null,33,null,26.64,null,879.12]
[null,null,"ОСНОВНЫЕ МАТЕРИАЛЫ"]
[null,"т.цена","Труба 25х1,6 ГОСТ 10704-76",null,"м",1,33,null,26.64,null,879.12]
[null,null,"Итого основных материалов",null,null,null,null,null,null,null,879.12]
[17,"т.цена","Провод ПВ3-1-380В",null,"м",null,230,null,181.36,null,41712.800000000003]
[null,null,"ОСНОВНЫЕ МАТЕРИАЛЫ"]
[null,"т.цена","Провод ПВ3-1-380В",null,"м",1,230,null,181.36,null,41712.800000000003]
[null,null,"Итого основных материалов",null,null,null,null,null,null,null,41712.800000000003]
[18,"т.цена","Шкаф управления ЩМП-2-0 74У2,",null,"шт",null,1,null,2118.65,null,2118.65]
[null,null,"ОСНОВНЫЕ МАТЕРИАЛЫ"]
[null,"т.цена","Шкаф управления ЩМП-2-0 74У2,",null,"шт",1,1,null,2118.65,null,2118.65]
[null,null,"Итого основных материалов",null,null,null,null,null,null,null,2118.65]
[19,"т.цена","ВА 21-29-120010-00УЗ",null,"шт",null,1,null,410.17,null,410.17]
[null,null,"ОСНОВНЫЕ МАТЕРИАЛЫ"]
[null,"т.цена","ВА 21-29-120010-00УЗ",null,"шт",1,1,null,410.17,null,410.17]
[null,null,"Итого основных материалов",null,null,null,null,null,null,null,410.17]
[20,"т.цена","Реле РП-21-003УХЛ4А",null,"шт",null,1,null,240,null,240]
[null,null,"ОСНОВНЫЕ МАТЕРИАЛЫ"]
[null,"т.цена","Реле РП-21-003УХЛ4А",null,"шт",1,1,null,240,null,240]
[null,null,"Итого основных материалов",null,null,null,null,null,null,null,240]
[21,"т.цена","Стабилиз. Источник питания LOGO 6EP1331-1SН02",null,"шт",null,1,null,2463.9499999999998,null,2463.9499999999998]
[null,null,"ОСНОВНЫЕ МАТЕРИАЛЫ"]
[null,"т.цена","Стабилиз. Источник питания LOGO 6EP1331-1SН02",null,"шт",1,1,null,2463.9499999999998,null,2463.9499999999998]
[null,null,"Итого основных материалов",null,null,null,null,null,null,null,2463.9499999999998]
[22,"т.цена","Логический модуль LOGO 6ED1052-1CC00-OBA5",null,"шт",null,1,null,5508.47,null,5508.47]
[null,null,"ОСНОВНЫЕ МАТЕРИАЛЫ"]
[null,"т.цена","Логический модуль LOGO 6ED1052-1CC00-OBA5",null,"шт",1,1,null,5508.47,null,5508.47]
[null,null,"Итого основных материалов",null,null,null,null,null,null,null,5508.47]
[23,"т.цена","Модуль памяти для логических модулей LOGO 6ED1056-5CА00-OBAО",null,"шт",null,1,null,876.27,null,876.27]
[null,null,"ОСНОВНЫЕ МАТЕРИАЛЫ"]
[null,"т.цена","Модуль памяти для логических модулей LOGO 6ED1056-5CА00-OBAО",null,"шт",1,1,null,876.27,null,876.27]
[null,null,"Итого основных материалов",null,null,null,null,null,null,null,876.27]
[24,"т.цена","Блок зажимов БЗ24-4П16-В/ВУЗ-10",null,"шт",null,2,null,87.29,null,174.58]
[null,null,"ОСНОВНЫЕ МАТЕРИАЛЫ"]
[null,"т.цена","Блок зажимов БЗ24-4П16-В/ВУЗ-10",null,"шт",1,2,null,87.29,null,174.58]
[null,null,"Итого основных материалов",null,null,null,null,null,null,null,174.58]
[25,"т.цена","Переключатель КУ110111-11УЗ",null,"шт",null,1,null,390,null,390]
[null,null,"ОСНОВНЫЕ МАТЕРИАЛЫ"]
[null,"т.цена","Переключатель КУ110111-11УЗ",null,"шт",1,1,null,390,null,390]
[null,null,"Итого основных материалов",null,null,null,null,null,null,null,390]
[26,"т.цена","Арматура светодиодная СКЛ-11-Л-3-220",null,"шт",null,1,null,81.7,null,81.7]
[null,null,"ОСНОВНЫЕ МАТЕРИАЛЫ"]
[null,"т.цена","Арматура светодиодная СКЛ-11-Л-3-220",null,"шт",1,1,null,81.7,null,81.7]
[null,null,"Итого основных материалов",null,null,null,null,null,null,null,81.7]
[27,"т.цена","Арматура светодиодная СКЛ-11-К-3-220",null,"шт",null,2,null,50,null,100]
[null,null,"ОСНОВНЫЕ МАТЕРИАЛЫ"]
[null,"т.цена","Арматура светодиодная СКЛ-11-К-3-220",null,"шт",1,2,null,50,null,100]
[null,null,"Итого основных материалов",null,null,null,null,null,null,null,100]
[28,"т.цена","Провод ПВ3-0,5-380В",null,"м",null,30,null,4.5699999999999994,null,137.1]
[null,null,"ОСНОВНЫЕ МАТЕРИАЛЫ"]
[null,"т.цена","Провод ПВ3-0,5-380В",null,"м",1,30,null,4.57,null,137.1]
[null,null,"Итого основных материалов",null,null,null,null,null,null,null,137.1]
[]
[null,null,"ИТОГО ПО РАЗДЕЛУ",null,null,null,null,null,null,null,75366.259999999995]
[null,null,"в том числе ФОТ",null,null,null,null,null,null,null,0]
[null,null,"    (зарплата основная)",null,null,null,null,null,null,null,0]
[null,null,"    (зарплата механизаторов)",null,null,null,null,null,null,null,0]
[null,null,"Эксплуатация машин",null,null,null,null,null,null,null,0]
[null,null,"Материалы",null,null,null,null,null,null,null,75366.259999999995]
[]
[]
["        Пусконаладочные работы"]
["(Прочие затраты)"]
[]
[1,"ГЭСНп01-09-003-09","Бесконтактный дискретный элемент с числом <вход-выход> до 50 с числом органов настройки до 10",null,"1 шт.",null,1,null,4554,null,4554]
[null,null,"ТРУДОВЫЕ РЕСУРСЫ"]
[null,null,"Затраты труда рабочих (5,9 разр.)",null,"Чел-час",25,30,null,151.80000000000001,null,4554]
[null,null,"Итого зарплата",null,null,null,null,null,null,null,4554]
[2,"ГЭСНп02-01-001-01","Автоматизированная система управления Iкатегории технической сложности с количеством каналов (Кобщ) 2",null,"1 система",null,1,null,3598.7,null,3598.7]
[null,null,"ТРУДОВЫЕ РЕСУРСЫ"]
[null,null,"Затраты труда рабочих (6,1 разр.)",null,"Чел-час",13.4,16.079999999999998,null,223.8,null,3598.7]
[null,null,"Итого зарплата",null,null,null,null,null,null,null,3598.7]
[3,"ГЭСНп02-01-001-02","Автоматизированная система управления Iкатегории технической сложности с количеством каналов (Кобщ) за каждый канал свыше 2 до 9 добавлять к норме 02-01-001-01",null,"1 канал",null,6,null,1732.2116666666668,null,10393.27]
[null,null,"ТРУДОВЫЕ РЕСУРСЫ"]
[null,null,"Затраты труда рабочих (6,1 разр.)",null,"Чел-час",6.45,46.44,null,223.8,null,10393.27]
[null,null,"Итого зарплата",null,null,null,null,null,null,null,10393.27]
[]
["Начисления на раздел:\n\nМДС 81-35.2004 Пр.1 т.4 пп.  1 Производство пусконаладочных работ в существующих зданиях и сооружениях, освобожденных от оборудования и других предметов, мешающих нормальному производству работ.\nk=1,2 на зарплату\nk=1,2 на эксплуатацию машин\nk=1,2 на трудозатраты\n"]
[]
[]
[]
[]
[]
[]
[null,null,"ИТОГО ПО РАЗДЕЛУ",null,null,null,null,null,null,null,18545.97]
[null,null,"в том числе ФОТ",null,null,null,null,null,null,null,18545.97]
[null,null,"    (зарплата основная)",null,null,null,null,null,null,null,18545.97]
[null,null,"    (зарплата механизаторов)",null,null,null,null,null,null,null,0]
[null,null,"Эксплуатация машин",null,null,null,null,null,null,null,0]
[null,null,"Материалы",null,null,null,null,null,null,null,0]
[]
[null,null,"ИТОГО ПО СМЕТЕ",null,null,null,null,null,null,null,119196.68]
[null,null,"в том числе ФОТ",null,null,null,null,null,null,null,36036.78]
[null,null,"    (зарплата основная)",null,null,null,null,null,null,null,35854.379999999997]
[null,null,"    (зарплата механизаторов)",null,null,null,null,null,null,null,182.4]
[null,null,"Эксплуатация машин",null,null,null,null,null,null,null,1875.77]
[null,null,"Материалы",null,null,null,null,null,null,null,81466.53]
[]
["     ","     "]
["     ","     "]
[null,"Наименование затрат",null,null,null,null,null,"Коэффициент","Процент",null,"Сумма"]
[null,null,null,null,null,null,null,null,null,null,"в руб."]
[]
["     ","Итого",null,null,null,null,null,null,null,119196.68]
[null,"Накладные расходы (Электромонтажные работы : на других объектах)",null,null,null,null,null,0.85,95,7712.4785307299999]
[null,"Накладные расходы (Монтаж оборудования)",null,null,null,null,null,0.85,80,5399.0446608000002]
[null,"Накладные расходы (Пусконаладочные работы)",null,null,null,null,null,0.85,65,10246.651739999999]
[null,"Итого накладных расходов",null,null,null,null,null,null,null,23358.174931529997]
[null,"Итого",null,null,null,null,null,null,null,142554]
[null,"Сметная прибыль (Электромонтажные работы : на других объектах)",null,null,null,null,null,0.8,65,4966.54964208]
[null,"Сметная прибыль (Монтаж оборудования)",null,null,null,null,null,0.8,60,3811.0903487999999]
[null,"Сметная прибыль (Пусконаладочные работы)",null,null,null,null,null,0.8,40,5934.7123200000005]
[null,"Итого сметной прибыли",null,null,null,null,null,null,null,14712.35231088]
[null,"Итого",null,null,null,null,null,null,null,157267]
[null,"Проценты НР и СП учитывают  коэффициенты:+НР 0,85 СП 0,8 (по письму 3757 от 22.02.11)+ НР 0,9 СП 0,85 (к общестроительным сборникам)",null,null,null,null,null,null,0,0]
[null,"ИТОГО",null,null,null,null,null,null,null,157267]
[null,"ВЗИС",null,null,null,null,null,null,1.1200000000000001,1761.3904000000002]
[null,"ИТОГО",null,null,null,null,null,null,null,159028]
[null,"Зимнее удорожание",null,null,null,null,null,null,1.6,2544.4479999999999]
[null,"ИТОГО",null,null,null,null,null,null,null,161572]
[null,"Затр.на непредвид. расходы",null,null,null,null,null,null,0.7,1131.0039999999999]
[null,"ИТОГО",null,null,null,null,null,null,null,162703]
[null,"НДС",null,null,null,null,null,null,18,29286.539999999997]
[null,"В С Е Г О",null,null,null,null,null,null,null,191990]
[]
[]
[null,"Составил ",null,"___________________"]
[]
[null,"Проверил",null,"___________________"]